000 00632nam a2200241 i 4500
001 C2-0074197
003 PPAK
005 20180727080930.0
008 970429s1990 enka|||| ||||| | eng d
020 _a0091736935
040 _aPPAK
_beng
_cPPAK
_erda
082 0 4 _a823
_223
090 0 0 _a823
_bKIN
_dK
100 1 _aKing, Deborah,
_eauthor
245 1 0 _aCloudy
264 1 _aLondon :
_bHutchinson ,
_c1990
300 _a[n.p.] :
_bcolour illustrations ;
_c22 cm
336 _2rdacontent
_atext
337 _2rdamedia
_aunmediated
338 _2rdacarrier
_avolume
650 1 0 _aChildren's stories, English
942 _ddc
_cB
999 _c10472
_d10472